000 00503nam a2200145 a 4500
001 000029796
005 20200930055819.0
008 110426s1999 dr r 000 0 spa d
040 _aDO-SdBNP
_bspa
_cBNPHU
082 _axxxx
_bL937p
100 1 _aLuciano Ferdinán, Dinys
_956551
245 1 0 _aPrevención de la violencia intrafamiliar hacia adolescentes :
_bmanual para facilitador /
_cDinys Luciano Ferdinán.
260 _aSanto Domingo :
_bCentro de Apoyo Aquelarre,
_c1999.
300 _a38 p. ;
_c22 cm.
999 _c29288
_d29288